|
|
|
|
| LEADER |
02019nam a2200337 4500 |
| 001 |
37066 |
| 003 |
BD-DhAAL |
| 005 |
20200219134922.0 |
| 008 |
190220t20132011ii |||| |||| 001 0 eng d |
| 999 |
|
|
|c 41969
|d 41969
|
| 015 |
|
|
|a
|
| 020 |
|
|
|a 9788184002805
|
| 040 |
|
|
|a BD-DhAAL
|
| 082 |
|
|
|a 339.46091724
|2 22
|
| 100 |
|
|
|a Banerjee, Abhijit V.
|9 39368
|
| 245 |
|
|
|a Poor economics :
|b rethinking poverty and the ways to end it /
|c Abhijit V. Banerjee and Esther Duflo
|
| 260 |
|
|
|a India :
|b Penguin Books,
|c c2011
|
| 300 |
|
|
|a xv, 442 pages ;
|c 20cm.
|
| 504 |
|
|
|a Includes bibliographical references (pages [406-429] ) and index.
|
| 526 |
|
|
|a AAL
|
| 541 |
|
|
|a Hye Trade International
|e 37066, 37067, 37068, 370669, 37070,
|
| 650 |
|
|
|a Economic assistance
|z Developing countries.
|9 39369
|
| 650 |
|
|
|a Poverty
|x Prevention.
|9 39370
|
| 700 |
|
|
|a Duflo, Esther
|9 39371
|
| 852 |
|
|
|a Ayesha Abed Library
|c General Stacks
|
| 942 |
|
|
|2 ddc
|c BK
|
| 952 |
|
|
|0 0
|1 0
|2 ddc
|4 0
|6 339_460917240000000_BAN
|7 0
|9 67858
|a BRACUL
|b BRACUL
|c GEN
|d 2020-02-06
|e Hye Trade International
|g 638.00
|l 1
|m 1
|o 339.46091724 BAN
|p 3010037070
|r 2026-05-17
|s 2026-05-06
|t 5
|v 638.00
|w 2020-02-06
|y BK
|
| 952 |
|
|
|0 0
|1 0
|2 ddc
|4 0
|6 339_460917240000000_BAN
|7 0
|9 67859
|a BRACUL
|b BRACUL
|c GEN
|d 2020-02-06
|e Hye Trade International
|g 638.00
|l 4
|m 57
|o 339.46091724 BAN
|p 3010037069
|r 2024-01-21
|s 2023-09-23
|t 4
|v 638.00
|w 2020-02-06
|y BK
|
| 952 |
|
|
|0 0
|1 0
|2 ddc
|4 0
|6 339_460917240000000_BAN
|7 0
|9 67860
|a BRACUL
|b BRACUL
|c GEN
|d 2020-02-06
|e Hye Trade International
|g 638.00
|l 2
|m 11
|o 339.46091724 BAN
|p 3010037067
|r 2024-10-05
|s 2024-09-10
|t 2
|v 638.00
|w 2020-02-06
|y BK
|
| 952 |
|
|
|0 0
|1 0
|2 ddc
|4 0
|6 339_460917240000000_BAN
|7 0
|9 67861
|a BRACUL
|b BRACUL
|c GEN
|d 2020-02-06
|e Hye Trade International
|g 638.00
|l 7
|m 67
|o 339.46091724 BAN
|p 3010037068
|r 2025-10-13
|s 2025-02-23
|t 3
|v 638.00
|w 2020-02-06
|y BK
|
| 952 |
|
|
|0 0
|1 0
|2 ddc
|4 0
|6 339_460917240000000_BAN
|7 0
|9 67862
|a BRACUL
|b BRACUL
|c GEN
|d 2020-02-06
|e Hye Trade International
|g 638.00
|l 6
|m 67
|o 339.46091724 BAN
|p 3010037066
|r 2026-03-28
|s 2026-02-17
|t 1
|v 638.00
|w 2020-02-06
|y BK
|